00441nam a22001457a 4500020002200000082001400022100002000036245002400056260003400080300000800114650002700122942000700149952012200156999001700278 a978-93-83318-61-2 a181.4 AGR aAgarwal, Suresh aGandhian Philosophy aNew DelhibWisdom Pressc2016 a224 aGandhi M.K.-Philosophy cBK 00104070aHMIbHMIcGENd2017-03-09eamazong925.00l9m2o181.4 AGAp25207r2020-03-09s2020-02-04w2026-01-16yBK c20350d20350